| 000 | 01087ngm a22003490a 4500 | ||
|---|---|---|---|
| 001 | PT15247 | ||
| 003 | AR-LpoUNG | ||
| 005 | 20210202000142.0 | ||
| 007 | vd cvaizq | ||
| 008 | 191001s1954||||ag |||||||||||||||||ita d | ||
| 037 | _c$6.6 | ||
| 040 |
_aAR-LpoUNG _bspa _cAR-LpoUNG _eaacr |
||
| 041 | _aita | ||
| 044 | _aag | ||
| 082 | 0 | _a306.88 319str | |
| 100 | 1 |
_aFellini, Federico _edir. |
|
| 245 | 1 | 3 | _aLa strada |
| 260 |
_aBuenos Aires : _bTauro Video, _c[1954]. |
||
| 300 | _aVHS : son., byn | ||
| 505 | 0 | _aGuión: Ennio Flaiano ; fotografía: Otello Martelli ; música: Nino Rota. | |
| 520 | _aGelsonmina, una inocente niña es vendida por su madre a un saltimbanqui que la utiliza para la presentación de su acto de fuerza bruta.Va surgiendo una atípica relación entre el poder y el sometimiento. | ||
| 650 | 4 | _aDERECHOS DEL NIÑO | |
| 650 | 4 | _aFAMILIA | |
| 650 | 4 | _aINFANCIA | |
| 650 | 4 | _aNIÑOS | |
| 650 | 4 | _aNIÑOS ABANDONADOS | |
| 650 | 4 | _aPROBLEMAS SOCIALES | |
| 650 | 4 | _aTRABAJO DE MENORES | |
| 653 | _aVIDEOS | ||
| 905 | _a15247 | ||
| 942 | _cVIDEO | ||
| 999 |
_c54209 _d54209 |
||